<?xml version="1.0" encoding="UTF-8"?>
<record
    xmlns:xsi="http://www.w3.org/2001/XMLSchema-instance"
    xsi:schemaLocation="http://www.loc.gov/MARC21/slim http://www.loc.gov/standards/marcxml/schema/MARC21slim.xsd"
    xmlns="http://www.loc.gov/MARC21/slim">

  <leader>00747nam a22002177a 4500</leader>
  <controlfield tag="008">170622s2015        gw||||| |||| 00| 0 eng d</controlfield>
  <datafield tag="082" ind1="0" ind2="4">
    <subfield code="a">701.18</subfield>
    <subfield code="b">B458p</subfield>
  </datafield>
  <datafield tag="100" ind1="1" ind2=" ">
    <subfield code="a">Benda, V&#xE1;clav.</subfield>
    <subfield code="9">5834</subfield>
  </datafield>
  <datafield tag="245" ind1="1" ind2="4">
    <subfield code="a">The parallel polis /</subfield>
    <subfield code="c">V&#xE1;clav Benda y Fred Dewey ; selecci&#xF3;n por Second Culture Press.</subfield>
  </datafield>
  <datafield tag="246" ind1="0" ind2="3">
    <subfield code="a">A polis for new conditions sections I-III</subfield>
  </datafield>
  <datafield tag="250" ind1=" " ind2=" ">
    <subfield code="a">1a ed.</subfield>
  </datafield>
  <datafield tag="260" ind1=" " ind2=" ">
    <subfield code="a">Amsterdam, Pa&#xED;ses Bajos :</subfield>
    <subfield code="b">Second Culture Press, </subfield>
    <subfield code="c">2015.</subfield>
  </datafield>
  <datafield tag="300" ind1=" " ind2=" ">
    <subfield code="a">50 p&#xE1;ginas :</subfield>
    <subfield code="b">ilustraciones.</subfield>
  </datafield>
  <datafield tag="440" ind1=" " ind2="0">
    <subfield code="a">Second Culture Press</subfield>
    <subfield code="9">5835</subfield>
  </datafield>
  <datafield tag="653" ind1="1" ind2="0">
    <subfield code="a">Filosof&#xED;a del arte</subfield>
  </datafield>
  <datafield tag="653" ind1="1" ind2="0">
    <subfield code="a">Arte conceptual</subfield>
  </datafield>
  <datafield tag="653" ind1="1" ind2="0">
    <subfield code="a">Ensayos</subfield>
  </datafield>
  <datafield tag="653" ind1="1" ind2="0">
    <subfield code="a">Concepto teor&#xE9;tico </subfield>
  </datafield>
  <datafield tag="653" ind1="1" ind2="0">
    <subfield code="a">Organizaciones art&#xED;sticas independientes</subfield>
  </datafield>
  <datafield tag="700" ind1="1" ind2=" ">
    <subfield code="a">Dewey, Fred.</subfield>
    <subfield code="9">5836</subfield>
  </datafield>
  <datafield tag="999" ind1=" " ind2=" ">
    <subfield code="c">1207</subfield>
    <subfield code="d">1207</subfield>
  </datafield>
  <datafield tag="952" ind1=" " ind2=" ">
    <subfield code="0">0</subfield>
    <subfield code="1">0</subfield>
    <subfield code="2">ddc</subfield>
    <subfield code="4">0</subfield>
    <subfield code="7">0</subfield>
    <subfield code="a">LV</subfield>
    <subfield code="b">LV</subfield>
    <subfield code="c">Pensamiento</subfield>
    <subfield code="d">2017-06-22</subfield>
    <subfield code="l">1</subfield>
    <subfield code="o">701.18 B458p</subfield>
    <subfield code="p">004339</subfield>
    <subfield code="r">2018-09-12 00:00:00</subfield>
    <subfield code="s">2018-08-04</subfield>
    <subfield code="w">2017-06-22</subfield>
    <subfield code="y">01</subfield>
  </datafield>
</record>
